Sociología de la educación /
Tallennettuna:
| Päätekijä: | |
|---|---|
| Aineistotyyppi: | Kirja |
| Kieli: | Spanish |
| Julkaistu: |
San José, Costa Rica :
EUNED,
2007
|
| Painos: | 9a. reimpresión |
| Aiheet: | |
| Tagit: |
Lisää tagi
Ei tageja, Lisää ensimmäinen tagi!
|
MARC
| LEADER | 00000nam a2200000Ia 4500 | ||
|---|---|---|---|
| 008 | 180117b2007 cr ||||| |||| 00| | spa d | ||
| 999 | |c 1007 |d 1007 | ||
| 020 | |a 9977647593 | ||
| 090 | |a 06.01.01 |b 2031 | ||
| 100 | 1 | |a López Avendaño, Olimpia |9 174 | |
| 245 | 1 | 0 | |a Sociología de la educación / |c Olimpia López Avendaño |
| 250 | |a 9a. reimpresión | ||
| 260 | |a San José, Costa Rica : |b EUNED, |c 2007 | ||
| 300 | |a 186 páginas | ||
| 650 | 1 | 4 | |a SOCIOLOGÍA DE LA EDUCACIÓN |9 947 |
| 650 | 1 | 4 | |a POLÍTICA EDUCATIVA |9 451 |
| 650 | 1 | 4 | |a SOCIOLOGÍA |9 335 |
| 650 | 1 | 4 | |a EDUCACIÓN |9 1 |
| 650 | 1 | 4 | |a DEMOCRACIA |9 589 |
| 942 | |i 002490 |h 06.01.01 2031 |2 z |c 01 | ||



